We Didn't Start the Fire - Statistics

General Stats
  • This quiz has been taken 33 times
  • The average score is 57 of 119
Answer Stats
Picture Answer % Correct
Marilyn Monroe
96%
Red China
96%
Richard Nixon
91%
Richard Nixon back again
91%
Joseph Stalin
87%
Television
87%
Eisenhower
83%
England's Got a New Queen
83%
Harry Truman
83%
Doris Day
78%
Elvis Presley
78%
Moonshot
78%
South Korea
78%
Vaccine
78%
Einstein
74%
North Korea
74%
Castro
70%
Disneyland
70%
H-bomb
70%
Johnnie Ray
70%
Kennedy
70%
Peter Pan
70%
The King and I
70%
Joe DiMaggio
65%
Alabama
61%
James Dean
61%
JFK blown away
61%
Liberace
61%
Palestine
61%
Reagan
61%
Woodstock
61%
Brando
57%
Ho Chi Minh
57%
Hula hoops
57%
Lebanon
57%
Malcolm X
57%
Rock and roller cola wars
57%
South Pacific
57%
Studebaker
57%
The Catcher in the Rye
57%
Berlin
52%
Communist Bloc
52%
Davy Crockett
52%
Lawrence of Arabia
52%
Princess Grace
52%
Psycho
52%
Rosenbergs
52%
Sputnik
52%
Walter Winchell
52%
Bardot
48%
Brooklyn's Got a Winning Team
48%
Budapest
48%
Buddy Holly
48%
Charles de Gaulle
48%
Dylan
48%
Joe McCarthy
48%
Pope Paul
48%
Sally Ride
48%
Sugar Ray
48%
Wheel of Fortune
48%
Ayatollah's in Iran
43%
Bay of Pigs Invasion
43%
Ben-Hur
43%
California baseball
43%
Crack
43%
Mickey Mantle
43%
Space monkey
43%
U-2
43%
Watergate
43%
AIDS
39%
Begin
39%
British Beatlemania
39%
Chubby Checker
39%
John Glenn
39%
Mafia
39%
Marciano
39%
Peyton Place
39%
Punk rock
39%
Rock Around the Clock
39%
Birth control
35%
Campanella
35%
Edsel is a no-go
35%
Juan Perón
35%
Khruschchev
35%
Malenkov
35%
Panmunjom
35%
Terror on the airline
35%
Trouble in the Suez
35%
And Prokofiev
30%
Belgians in the Congo
30%
Bridge on the River Kwai
30%
Children of Thalidomide
30%
Dacron
30%
Dien Bien Phu Falls
30%
Liston beats Patterson
30%
Ole Miss
30%
Rockefeller
30%
Russians in Afghanistan
30%
British politician sex
26%
Heavy metal suicide
26%
Hemingway
26%
Hypodermics on the shore
26%
Kerouac
26%
Little Rock
26%
Nasser
26%
Payola
26%
Roy Cohn
26%
Starkweather homicide
26%
Syngman Rhee
26%
Toscanini
26%
Bernie Goetz
22%
China's under martial law
22%
Eichmann
22%
Pasternak
22%
Stranger in a Strange Land
22%
Foreign debts
17%
Homeless vets
17%
Santayana Goodbye
17%
Zhou Enlai
9%
No matching quizzes found
Score Distribution
Percent of People with Each Score
Percentile by Number Answered
Your Score History
You have not taken this quiz